Измеритель качества автоматизированной обучающей системы; Современные техника и технологии

Bibliographische Detailangaben
Parent link:Современные техника и технологии.— 2000.— С. 450-451.
1. Verfasser: Зубкова Т. В.
Weitere Verfasser: Гребнева О. А.
Sprache:Russisch
Veröffentlicht: 2000
Schlagworte:
Format: Buchkapitel
KOHA link:https://koha.lib.tpu.ru/cgi-bin/koha/opac-detail.pl?biblionumber=76793

MARC

LEADER 00000naa2a2200000 4500
001 76793
005 20231031091916.0
035 |a (RuTPU)RU\TPU\book\82334 
090 |a 76793 
100 |a 20050504d2000 k y0rusy50 ca 
101 0 |a rus 
102 |a RU 
200 1 |a Измеритель качества автоматизированной обучающей системы   |f Т. В. Зубкова, О. А. Гребнева 
320 |a Библиогр.: 2 назв. 
463 0 |0 (RuTPU)RU\TPU\book\25688  |t Современные техника и технологии  |o Труды VI международной научно-практической конференции студентов, аспирантов и молодых ученых, 28 февраля - 3 марта 2000 года, Томск  |f М-во образования РФ; ТПУ  |v С. 450-451.  |d 2000  |p 478 с. 
610 1 |a автоматизированные системы 
610 1 |a обучающие системы 
610 1 |a автоматизированные обучающие системы 
610 1 |a качество систем 
610 1 |a измерители качества 
610 1 |a труды учёных ТПУ 
700 1 |a Зубкова  |b Т. В. 
701 1 |a Гребнева  |b О. А. 
801 1 |a RU  |b 63413507  |c 20050504  |g PSBO 
942 |c BK